<?xml version="1.0" encoding="UTF-8"?>
<record
    xmlns:xsi="http://www.w3.org/2001/XMLSchema-instance"
    xsi:schemaLocation="http://www.loc.gov/MARC21/slim http://www.loc.gov/standards/marcxml/schema/MARC21slim.xsd"
    xmlns="http://www.loc.gov/MARC21/slim">

  <leader>00651cam a22002054a 4500</leader>
  <controlfield tag="001">sa 68007760 </controlfield>
  <controlfield tag="003">DLC</controlfield>
  <controlfield tag="005">20260227112525.0</controlfield>
  <controlfield tag="008">060830s1966    ii            000 0 urdo </controlfield>
  <datafield tag="010" ind1=" " ind2=" ">
    <subfield code="a">sa 68007760 </subfield>
  </datafield>
  <datafield tag="040" ind1=" " ind2=" ">
    <subfield code="a">DLC</subfield>
    <subfield code="c">DLC</subfield>
  </datafield>
  <datafield tag="050" ind1="0" ind2="0">
    <subfield code="a">PK2199.F55</subfield>
    <subfield code="b">D43 1966</subfield>
  </datafield>
  <datafield tag="100" ind1="0" ind2=" ">
    <subfield code="a">Fir&#x101;q Gorakhp&#x16B;r&#x12B;,</subfield>
    <subfield code="d">1896-1982.</subfield>
  </datafield>
  <datafield tag="245" ind1="1" ind2="0">
    <subfield code="a">Dhart&#x12B; k&#x12B; karva&#x1E6D; :</subfield>
    <subfield code="b">aur d&#x16B;sr&#x12B; buland maq&#x1E63;ad-i na&#x1E93;men&#x332; ; muntak&#x332;h&#x332;ab-i na&#x1E93;men&#x332; /</subfield>
    <subfield code="c">Fir&#x101;q Gorakhp&#x16B;r&#x12B;.</subfield>
  </datafield>
  <datafield tag="250" ind1=" " ind2=" ">
    <subfield code="a">1. ish&#x101;&#x2BB;at.</subfield>
  </datafield>
  <datafield tag="260" ind1=" " ind2=" ">
    <subfield code="a">Allah&#x101;b&#x101;d :</subfield>
    <subfield code="b">S&#x101;hityah Kal&#x101; Bhavan,</subfield>
    <subfield code="c">1966.</subfield>
  </datafield>
  <datafield tag="300" ind1=" " ind2=" ">
    <subfield code="a">172 p. ;</subfield>
    <subfield code="c">22 cm.</subfield>
  </datafield>
  <datafield tag="490" ind1="0" ind2=" ">
    <subfield code="a">Tak&#x332;h&#x332;l&#x12B;q&#x12B; adab s&#x12B;r&#x12B;z ;</subfield>
    <subfield code="v">5</subfield>
  </datafield>
  <datafield tag="546" ind1=" " ind2=" ">
    <subfield code="a">In Urdu.</subfield>
  </datafield>
  <datafield tag="999" ind1=" " ind2=" ">
    <subfield code="c">82025</subfield>
    <subfield code="d">82025</subfield>
  </datafield>
</record>
